000
nam a22 7a 4500
999
_c
329331
_d
329331
003
Nust
005
20170503113503.0
008
170503b xxu||||| |||| 00| 0 eng d
040
_c
DLC
082
_a
627.4 SHA
100
_4
Shagufta, Dr. Chandrawati Jee
245
_a
Watershed Management
942
_2
ddc
_c
BK